000
00299nam a22001217a 4500
008
160523b xxu||||| |||| 00| 0 eng d
020
_a
9781933107769
020
_a
9781933107769
041
_a
eng
080
_a
618.2
245
_a
Rn Adulcal Medical surgical nursing:
_c
Edition 8.0;
942
_2
udc
_c
BK
999
_c
2363
_d
2363